000 02111nam a2200553 i 4500
001 4405
003 KOSZ 005
005 20221114113841.0
008 211202s1989 pl a f 000 0 pol
015 _aUWD 1989/4875
035 _a991002673829705066
035 _a(PL-WaBN)b10730485-48omnis_nlop
035 _ab10730485
035 _a(OCoLC)749345779
035 _azz2003902239
035 _a(PL)b0000001073048
035 _a(EXLNZ-48OMNIS_NETWORK)9910089611505606
040 _aWA N
_cWA N
_dKOSZ 005/RW
_dKOSZ 005/HR
046 _k1989
080 _a658.5
080 _a681.5
080 _a004
100 1 _aSantarek, Krzysztof
_eAutor
245 1 0 _aElastyczne systemy produkcyjne /
_cKrzysztof Santarek, Stanisław Strzelczak ; [recenzenci: doc. dr hab. Tadeusz Krupa, dr inż. Andrzej Wąs].
260 _aWarszawa :
_bWydawnictwa Naukowo-Techniczne,
_c1989.
300 _aVII, [1], 404, [4] strony :
_brysunki, wykresy ;
_c24 cm.
336 _aTekst
_btxt
_2rdacontent
337 _aBez urządzenia pośredniczącego
_bn
_2rdamedia
338 _aWolumin
_bnc
_2rdacarrier
380 _aKsiążki
380 _aPublikacje fachowe
388 1 _a1901-2000
388 1 _a1945-1989
504 _aBibliografia przy rozdziałach.
521 8 _aKsiążka jest przeznaczona dla kadr kierowniczych, organizacyjnych i technicznych przemysłu i zaplecza badawczego oraz wszystkich interesujących się nowoczesnymi rozwiązaniami elastycznej automatyzacji.
650 7 _aElastyczne systemy wytwarzania
_2DBN
650 7 _aInżynieria produkcji
650 7 _aProdukcja
650 7 _aAutomatyzacja
655 7 _aOpracowanie
658 _aInżynieria i technika
700 1 _aStrzelczak, Stanisław
_eAutor
700 1 _aWąs, Andrzej
_eRecenzja
700 1 _aKrupa, Tadeusz
_c(informatyk)
_eRecenzja
710 2 _aWydawnictwa Naukowo-Techniczne
_4pbl
856 _uhttp://koha.tu.koszalin.pl/cgi-bin/koha/opac-detail.pl?biblionumber=4405
_yKatalog online BPK
942 _2UKD
_cKS
999 _c4405
_d4405